| 000 | 00528nab a2200181 4500 | ||
|---|---|---|---|
| 999 |
_c370738 _d370738 |
||
| 001 | 238538 | ||
| 003 | OSt | ||
| 005 | 20210907104958.0 | ||
| 007 | tu | ||
| 008 | 180201s2018||||||| | ||
| 040 |
_aDE-2950 _cDE-2950 |
||
| 245 | 0 | 0 |
_a"Wolfskinder" in den Wirren der Kriegs- und Nachkriegszeit. _b"Am liebsten wollten wir das alles vergessen..." _cKatharina Falkenhagen |
| 264 | _c2021 | ||
| 653 | _aDeutschland 1951 | ||
| 653 | _aWolfskinder | ||
| 773 | 0 |
_gAugust / September 01.08. - 31.09.2021, S.25 _tGemeindebrief |
|
| 942 |
_2z _cA |
||